000 00413cam a22001217a 4500
008 180718b-- xxu||||| |||| 00| 0 eng d
082 _aL806x5434 F
245 _aFinance accounts, Rajasthan
260 _aJaipur
_bFinance Department
_c--
500 _aLibrary has 1991/92-1998/99, 2001/02-2002/03, 2003/04 (Hindi)
650 _aFinance, Public - Auditing - India - Rajasthan
700 _aRajasthan. Finance Department
999 _c485745
_d485745